A technique for extracting depth from stereo images /

Bibliographic Details
Main Author: Marcellin, Michael W.
Format: Thesis eBook
Language:English
Published: [Place of publication not identified] : [publisher not identified] ; 1985.
Subjects:
Online Access:Link to OAKTrust copy

MARC

Tag First Indicator Second Indicator Subfields
LEADER 00000cam a2200000 a 4500
001 in00000007112
005 20220103114357.0
007 cr unu a
008 880219s1985 xx a b 00010 eng d
035 |9 AAA1582AM 
035 |a (OCoLC)17505299 
040 |a TXA  |c TXA  |d UtOrBLW 
049 |a TXAZ [Also in] [Archives]  |c 1 [A08511523], 2 [A08511531] 
099 |a 1985  |a Thesis  |a M314 
100 1 |a Marcellin, Michael W. 
245 1 2 |a A technique for extracting depth from stereo images /  |c by Michael Wesley Marcellin. 
264 1 |a [Place of publication not identified] :  |b [publisher not identified] ;  |c 1985. 
300 |a v, 66 leaves :  |b illustrations ;  |c 29 cm. 
336 |a text  |b txt  |2 rdacontent 
337 |a computer  |b c  |2 rdamedia 
338 |a online resource  |b cr  |2 rdacarrier 
500 |a "Major subject: Electrical Engineering." 
500 |a Typescript (photocopy). 
500 |a Vita. 
502 |b M.S.  |c Texas A&M University  |d 1985. 
504 |a Bibliography: leaf 40. 
530 |a Also available online. 
650 0 |a Computer vision. 
650 0 |a Depth of field (Photography)  |x Measurement. 
650 0 |a Stereoscopic views. 
650 4 |a Major electrical engineering. 
856 4 1 |u https://hdl.handle.net/1969.1/ETD-TAMU-1985-THESIS-M314  |z Link to OAKTrust copy  |t 0 
999 |a MARS 
999 f f |s a36b79ff-7e2c-399b-a05e-6cf97ccfb927  |i b7faaa7d-3a2c-3b1c-80b5-80fb6b96c57c  |t 0 
952 f f |p noncirc  |a Texas A&M University  |b J.J. Pickle Campus  |c High Density Repository  |s HDR  |d Remote Storage  |t 0  |e 1985 Thesis M314  |h Other scheme  |i computer -- online resource  |m A14840934416 
952 f f |a Texas A&M University  |b College Station  |c Electronic Resources  |s www_evans  |d Available Online  |t 0  |e 1985 Thesis M314  |h Other scheme 
998 f f |a 1985 Thesis M314  |t 0  |l Available Online 
998 f f |a 1985 Thesis M314  |t 0  |l Remote Storage